| 000 | 00471nam a2200169Ia 4500 | ||
|---|---|---|---|
| 003 | GCL | ||
| 008 | 140319s9999 xx 000 0 eng d | ||
| 040 |
_aGCL / _cGCL |
||
| 082 | 0 | 4 |
_a535 _bB O |
| 100 | 1 | _aBLAKER,J. WARREN | |
| 245 | 1 | 0 |
_aOPTICS: AN INTRODUCTION FOR STUDENTS OF ENGINEERING / _cBLAKER,J. WARREN |
| 700 | 1 | _aROSONBLUM, WILLIAM M. | |
| 260 |
_a[S.N] : _bMACMILLAN PUBLESHING COMPANY ، _c1993 |
||
| 300 | _a327 P | ||
| 650 | 0 | 4 | _aOPTICS |
| 942 |
_2ddc _cBK |
||
| 999 |
_c20808 _d20808 |
||